Združenie právnických osôb - konzorcia

Zákon č. 40/1964 Zb. nepriznáva združeniu právnu subjektivitu. Združenie vzniká uzavretím zmluvy o združení. Nevzniká nový právny subjekt. Majetok v združení, rozhodovanie v združení, zánik účasti v združení, rozpustenie združenia. Výhody a nevýhody podnikania v združení bez právnej subjektivity.

Saved in:
Bibliographic Details
Main Author: Bombor, Teodor
Format: Book Chapter
Language:Slovak
Subjects:
Tags: Add Tag
No Tags, Be the first to tag this record!

MARC

LEADER 00000naa a2200000 4500
001 0223502
005 20231114104732.0
041 0 |a slo 
044 |a SK 
245 1 0 |a Združenie právnických osôb - konzorcia  |c Teodor Bombor 
520 |a Zákon č. 40/1964 Zb. nepriznáva združeniu právnu subjektivitu. Združenie vzniká uzavretím zmluvy o združení. Nevzniká nový právny subjekt. Majetok v združení, rozhodovanie v združení, zánik účasti v združení, rozpustenie združenia. Výhody a nevýhody podnikania v združení bez právnej subjektivity. 
610 2 0 |a osoby právnické 
610 2 0 |a združenia 
610 2 0 |a konzorciá 
610 2 0 |a podnikanie 
610 2 0 |a majetok 
610 2 0 |a rozhodovanie 
100 1 |a Bombor, Teodor